01145nam a2200193Ia 4500001001100000003001000011008004100021040002500062041001300087100002700100245004600127250001100173260006700184300002700251500026400278501011400542520026400656650003100920L239-11777IT-CnALBA170116s9999||||xx |||||||||||||| ||und|| aIT-CnALBAcIT-CnALBA aITALIANO aTRICERRI DOMENICO, OP. 0aDIO NEL PENSIERO DEI GRANDI E DEI DOTTI.  a2a ed. aCINISELLO BALSAMO (MI)bEDIZIONI PAOLINEc1953 [1° Ed.: n.d.] a424 p. (prefazione: 7) aESISTENZA DI DIO. CAUSA PRIMA. SUPREMO ORDINATORE. TESTIMONIANZA DELLA STORIA. SCIENZA NATURALE MODERNA. IMMUTABILITA' ETERNITÀ ONNIPRESENZA DI DIO. IMMORTALITÀ. ORIGINE DELL'UNIVERSO. DEGRADAZIONE DELL'ENERGIA. TEORIE COSMOGONICHE. LA VITA. CONSTATAZIONE aSocietà San Paolo EM - Piazza San Paolo, 14 - 12051 ALBA (CN) (non commercial uses only) ® Copyright 2017 aESISTENZA DI DIO. CAUSA PRIMA. SUPREMO ORDINATORE. TESTIMONIANZA DELLA STORIA. SCIENZA NATURALE MODERNA. IMMUTABILITA' ETERNITÀ ONNIPRESENZA DI DIO. IMMORTALITÀ. ORIGINE DELL'UNIVERSO. DEGRADAZIONE DELL'ENERGIA. TEORIE COSMOGONICHE. LA VITA. CONSTATAZIONE aAPOLOGETICA E CONTROVERSIE